000 00336cam a22001097a 4500
008 180718b1966 xxu||||| |||| 00| 0 eng d
082 _aB7303x5442 B639/1966
100 _aBombay Legal Department
245 _aThe Bombay Municipal Corporation act, 1888 modified upto Ist March 1966
260 _aBombay
_bThe author
_c1966
300 _av.p.
999 _c488702
_d488702